| 000 | 01523cam a22002895a 4500 | ||
|---|---|---|---|
| 001 | 18514247 | ||
| 005 | 20160530111852.0 | ||
| 008 | 150303s2015 nyua fr 001 0 eng d | ||
| 020 | _a9780133858563 | ||
| 020 | _a0133858561 | ||
| 040 |
_aBTCTA _beng _cBTCTA _erda _dBDX _dYDXCP _dOCLCO _dJBL _dCUI _dDLC _dEG-ScBUE |
||
| 082 | 0 | 4 |
_222 _a004.6782 _bERL |
| 100 | 1 |
_aErl, Thomas. _911281 |
|
| 245 | 1 | 0 |
_aCloud computing design patterns / _cThomas Erl, Robert Cope, Amin Naserpour. |
| 260 |
_aNew York : _bPrentice Hall ; _a[S. l.] : _bServiceTech Press, _c2015. |
||
| 300 |
_axxv, 552 p. : _bill. ; _c24 cm. |
||
| 490 | 0 | _aThe Prentice Hall service technology series from Thomas Erl. | |
| 500 | _aIndex : p. 543-552. | ||
| 505 | 0 | _aIntroduction -- Understanding design patterns -- Sharing, scaling and elasticity patterns -- Reliability, resiliency and recovery patterns -- Data management and storage device patterns -- Virtual server and hypervisor connectivity and management patterns -- Monitoring, provisioning and administration patterns -- Cloud service and storage security patterns -- Network security, identity and access management and trust assurance patterns -- Common compound patterns -- Appendix A: Cloud computing mechanisms glossary -- Appendix B: Alphabetical design patterns reference. | |
| 650 | 0 |
_aCloud computing _xDesign. _2BUEsh |
|
| 650 | 7 |
_aCloud computing. _2BUEsh _937309 |
|
| 651 | _2BUEsh | ||
| 653 |
_bCOMSCI _cMay2016 |
||
| 700 | 1 | _aCope, Robert, | |
| 700 | 1 | _aNaserpour, Amin, | |
| 942 | _2ddc | ||
| 999 |
_c21822 _d21794 |
||